CPD : Economic transformation programme ( ETP ) Opportunities & challenges to the property sector : 3 Oct 2011

Bibliographic Details
Corporate Authors: CPD : Economic transformation programme ( ETP ) Opportunities & challenges to the property sector, INSPEN ( Institut Penilaian Negara )
Format: Book
Language:English
Published: Bangi : Institut Penilaian Negara , 2011
Subjects:
Online Access:http://app.inspen.gov.my:7779/pls/portal/docs/PAGE/CORPORATEPAGES/PORTAL_INSPEN/NOTA_KURSUS/CPD/ETP.PDF

MARC

LEADER 00000cam a2200000 7i4500
001 0000024545
005 20121119.0
008 121001 my a eng
040 |a INS 
090 0 0 |a CPD88 
110 1 |a CPD : Economic transformation programme ( ETP ) Opportunities & challenges to the property sector ,   |d 2011 3 Oct   |c INSPEN, Bangi 
245 0 0 |a CPD : Economic transformation programme ( ETP ) Opportunities & challenges to the property sector :   |b 3 Oct 2011   |c Anjuran oleh Pusat Pembangunan Profesional dan Eksekutif, INSPEN 
260 |a Bangi :   |b Institut Penilaian Negara ,   |c 2011 
300 |a 1 v. ( Various paging ) :   |b ill. ;   |c 30 cm. 
650 0 |a Economic development projects   |x Planning   |z Malaysia 
650 0 |a Economic forecasting   |z Malaysia 
710 1 |a INSPEN ( Institut Penilaian Negara ) 
856 |u http://app.inspen.gov.my:7779/pls/portal/docs/PAGE/CORPORATEPAGES/PORTAL_INSPEN/NOTA_KURSUS/CPD/ETP.PDF 
999 |a CPD0000182   |b BOOK   |c Course Notes   |e Default branch 
999 |a CPD0000183   |b BOOK   |c Course Notes   |e Default branch 
999 |a CPD0000188   |b BOOK   |c Course Notes   |e Default branch